000 01059cam a2200145 4500500
005 20260208021504.0
041 _afre
042 _adc
100 1 0 _aRoulin, Jean-Marie
_eauthor
245 0 0 _aGERMAINE DE STAËL, Œuvres complètes, série III. Œuvres histo riques tome 1 : Des circonstances actuelles et autres essais poli tiques sous la Révolution (Réflexions sur le procès de la reine ; Réflexions sur la paix, adressées à M. Pitt et aux Français ; Réflexions sur la paix intérieure ; Mélanges politiques). Sous la direction de LUCIA OMACINI. Textes établis, présentés et annotés par BRONISLAW BACZKO, LÉONARD BURNAND, LUCIEN JAUME, FLORENCE LOTTERIE, LUCIA OMACINI, JEAN-PIERRE PERCHELLET ET CATRIONA SETH. Paris, Honoré Champion, 2009. Un vol. de 737 p.
260 _c2011.
500 _a34
786 0 _nRevue d'histoire littéraire de la France | 110 | 4 | 2011-02-24 | p. 989n-1003n | 0035-2411
856 4 1 _uhttps://shs.cairn.info/revue-d-histoire-litteraire-de-la-france-2010-4-page-989n?lang=fr&redirect-ssocas=7080
999 _c1661177
_d1661177